Un mapa de ninguna parte / (Registro nro. 9880)

Detalles MARC
000 -CABECERA
Longitud fija campo de control 00877nam a2200277 a 4500
003 - • IDENTIFICADOR DELl NÚMERO DE CONTROL
Identificador del número de control CO-ViMGA
005 - • FECHA Y HORA DE LA ÚLTIMA TRANSACCIÓN
Fecha y hora de la última transacción 20230915223419.0
008 - • CÓDIGOS DE INFORMACIÓN DE LONGITUD FIJA
Códigos de información de longitud fija 141112s2004 ck r 000 u spa d
020 ## - • NÚMERO INTERNACIONAL NORMALIZADO PARA LIBROS
Número Internacional Normalizado para Libros (ISBN) 9681650964
040 ## - FUENTE DE LA CATALOGACIÓN
Centro catalogador de origen CO-ViMGA
Lengua de catalogación spa
Centro transcriptor CO-ViMGA
041 ## - • CÓDIGO DE LENGUA
Código de lengua del texto/banda sonora o título independiente spa eng
043 ## - CÓDIGO DE ÁREA GEOGRÁFICA
Código de área geográfica e - uk - en
082 04 - • NÚMERO DE LA CLASIFICACIÓN DECIMAL DEWEY
Número de clasificación (R) I808.068 C75m
100 1# - • PUNTO DE ACCESO PRINCIPAL-NOMBRE DE PERSONA
Nombre de persona Cross, Gillian.
245 10 - • TITULO PROPIAMENTE DICHO
Título Un mapa de ninguna parte /
Mención de responsabilidad, etc. Gillian Cross ; ilustraciones de Jorge Novelo ; traducción de Laura Emilia Pacheco.
300 ## - • DESCRIPCIÓN FÍSICA
Extensión 230 p. : il. ; 19 cm.
490 0# - • MENCIÓN DE SERIE
Mención de serie A la orilla del viento. para los grandes lectores ; 82
650 14 - • PUNTO DE ACCESO ADICIONAL DE MATERIA - TÉRMINO DE MATERIA
Término de materia o nombre geográfico como elemento inicial Cuentos infantiles ingleses.
700 1# - • PUNTO DE ACCESO ADICIONAL - NOMBRE DE PERSONA
Nombre de persona Novelo, Jorge, il.
942 ## - ENTRADA DE ELEMENTOS AGREGADOS (KOHA)
Fuente de clasificaión o esquema Dewey Decimal Classification
Koha [por defecto] tipo de item LIbro
949 ## - TRATAMIENTO DE LA INFORMACIÓN LOCAL (OCLC)
a n n
Existencias
Perdido Fuente de clasificación o esquema Estado Físico No para préstamo Forma de adquisición Localización permanente Localización actual Fecha adquisición Serie de enumeración / cronolog&íacute;a Préstamos totales Signatura completa Código de barras Fecha última consulta Número de copia Fecha del precio de reemplazo Tipo de item de Koha Localización en estanterías Fuente de adquisición
  Dewey Decimal Classification     Literatura General Biblioteca Pública Granada - Boca del Monte Biblioteca Pública Granada - Boca del Monte 05/07/2026     C-CRO1 GRDA08098 05/07/2026 Ej.1 05/07/2026 LIbro Literatura BIBLIOTECA NACIONAL DE COLOMBIA
  Dewey Decimal Classification     Sala General Estacion de Lectura Apiay - Villavicencio Estacion de Lectura Apiay - Villavicencio 12/04/2015 23/dic/2014   I808.068 C75m 27955 12/04/2015 Ej. 1 12/04/2015 LIbro    









Instituto Departamental de Cultura del Meta - Red Departamental de Bibliotecas Públicas del Meta.